Legszebb versei

Bibliographic Details
Main Author: Tőzsér, Árpád, 1935- (Author)
Other Authors: Takács, János, 1966- (Illustrator)
Format: Book
Language:Hungarian
PhysicalDescription:127 s. ilustr. 19 cm
Published: Bratislava AB-art 2005
ISBN:8089006973
Edition:1. kiad.
Subjects:

MARC

LEADER 00000nam a2200000 a 4500
001 vtls008161358
003 SK-MaSNL
005 20260301101920.0
008 240314s2005 xo a g 000 p hun
015 |a SNBA2005/08-03074 
020 |a 8089006973  |q (viaz.) 
035 |a A6EBD292-86B7-4467-A412-CBC42C847E82 
035 |a urn:nbn:sk:snk-amjdyd 
035 |a urn:nbn:sk:snk-am000xvb 
040 |a SNK  |b slo  |c SNK  |e AACR2 
041 0 |a hun 
044 |a xo 
072 7 |a 821.511.1  |x Ugrofínske literatúry  |2 konspekt 
080 |a 821.511.141-1  |2 1997 
100 1 |a Tőzsér, Árpád,  |d 1935-  |4 aut  |9 89438 
245 1 0 |a Legszebb versei  |c Tőzsér Árpád ; [illusztráció Takács János] 
250 |a 1. kiad. 
260 |a Bratislava  |b AB-art  |c 2005 
300 |a 127 s.  |b ilustr.  |c 19 cm 
500 |a Tir. aj slov. 
655 7 |a maďarská poézia  |2 SNKPH  |9 70602 
700 1 |a Takács, János,  |d 1966-  |4 ill  |9 132505 
919 |a 80-89006-97-3 
968 |d 821 
999 |c 690656  |d 692586 
952 |a SNK  |b SNK  |y PREZ  |7 0  |p 17A0472696  |o snkSD 74898  |i snk2005/10700  |8 0  |0 0  |1 0  |4 0  |d 2005-06-20  |l 0  |r 2025-11-21 00:00:00  |w 2026-02-23 
952 |a SNK  |b SNK  |y VYP  |7 0  |p 17A0472383  |o snkSD 74898 D1  |i snk2005/10701  |8 0  |0 0  |1 0  |4 0  |d 2005-06-20  |f 1  |l 0  |r 2017-06-30 00:00:00  |w 2026-02-23